| 000 | 00603nam a22001937a 4500 | ||
|---|---|---|---|
| 005 | 20151007061527.0 | ||
| 008 | 080926s2009 ja b 001 0 eng | ||
| 020 | _a9789280811667 | ||
| 020 | _a9789280811650 | ||
| 024 | 0 | _ceng | |
| 080 | _a324 | ||
| 100 | 1 | _aBirch, Sarah, | |
| 245 | 1 | 0 |
_aFull participation : _cSarah Birch. |
| 260 |
_aTokyo, Japan ; _aNew York : _bUnited Nations University Press, _c2009. |
||
| 300 |
_a186 f. ; _c23 cm. |
||
| 504 | _aIncludes bibliographical references (p. [163]-178) and index. | ||
| 650 | 0 | _aZgjedhjet | |
| 942 |
_2udc _cBK |
||
| 999 |
_c447 _d447 |
||